000 00890nam a2200229 i 4500
001 179955
003 ES-MaACL
005 20260203063033.0
008 120307m20072008sp |||| | spa d
020 _a978-84-96452-42-8
080 _a821.134.2-31"19"
100 1 _aAgustí, Ignacio,
_d1913-1974
_918909
245 1 0 _aNovelas /
_cIgnacio Agustí ; [edición y prólogo de Sergi Doria].
260 _aMadrid :
_bFundación José Antonio Castro,
_c2007-2008.
300 _a4 v. ;
_c23 cm.
490 1 _aBiblioteca Castro
505 8 _aContiene: 1: Los surcos. La ceniza fue árbol: Mariona Rebull. El viudo Rius -- 2: La ceniza fue árbol: Desiderio -- 3: La ceniza fue árbol: 19 de julio -- 4: La ceniza fue árbol: Guerra civil
700 1 _aDoria, Sergi.
_9141821
830 0 _aBiblioteca Castro
_9178957
852 _aES-MaACL
_jL-29831-34
999 _c179955
_d179955